[Event "Braila GP RO Stage 5"]
[Site "Braila"]
[Date "2022.11.05"]
[Round "4"]
[White "Scurtu, Alexandr"]
[Black "Sieber, Fiona"]
[Result "0-1"]
[WhiteElo "2062"]
[BlackElo "2265"]
[PlyCount "84"]
[EventDate "2022.11.05"]
[EventType "swiss (rapid)"]
[EventRounds "10"]
[EventCountry "ROU"]
[SourceTitle "EXT 2024"]
[Source "ChessBase"]
[SourceDate "2023.10.10"]
[SourceVersion "1"]
[SourceVersionDate "2023.10.10"]
[SourceQuality "1"]

1. e4 e5 2. Nf3 Nc6 3. Bb5 a6 4. Ba4 Nf6 5. 0-0 b5 6. Bb3 Be7 7. Re1 d6 8. c3 0-0 9. h3 Na5 10. Bc2 c5 11. d4 Qc7 12. Nbd2 Bd7 13. Nf1 Nc4 14. b3 Nb6 15. d5 c4 16. b4 a5 17. Ne3 g6 18. Nh2 Nh5 19. Neg4 Kh8 20. Bh6 Rg8 21. Rf1 axb4 22. cxb4 Ra3 23. Bc1 Ra7 24. f4 f6 25. fxe5 dxe5 26. Be3 Nc8 27. Bxa7 Qxa7+ 28. Nf2 Ng3 29. a3 Nxf1 30. Qxf1 Nd6 31. Kh1 f5 32. Qe2 Qd4 33. Rd1 Qc3 34. Nf3 Bf6 35. Re1 f4 36. Qd1 Qxa3 37. Qa1 Ra8 38. Qb1 Qa2 39. Ng4 Bxg4 40. hxg4 Qxb1 41. Rxb1 Ra2 42. Rc1 h6 0-1

[Event "Satu Mare Szabo Memorial"]
[Site "Satu Mare"]
[Date "2021.08.12"]
[Round "5"]
[White "Bodrogi, Bendeguz"]
[Black "Scurtu, Alexandr"]
[Result "1/2-1/2"]
[WhiteElo "2145"]
[BlackElo "1950"]
[PlyCount "143"]
[EventDate "2021.08.08"]
[EventType "swiss"]
[EventRounds "9"]
[EventCountry "ROU"]
[SourceTitle "CBM 203 Extra"]
[Source "ChessBase"]
[SourceDate "2021.09.30"]
[SourceVersion "1"]
[SourceVersionDate "2021.09.30"]
[SourceQuality "1"]

1. c4 c6 2. Nf3 d5 3. g3 Nf6 4. b3 Bf5 5. Bg2 Nbd7 6. d4 e6 7. 0-0 Bd6 8. Bb2 0-0 9. Nc3 Re8 10. Nh4 Bg4 11. h3 Bh5 12. Re1 Bb4 13. Qc2 c5 14. a3 Ba5 15. b4 cxb4 16. axb4 Bxb4 17. Qb3 Bxc3 18. Qxc3 dxc4 19. Qxc4 Nb6 20. Qb3 Qd7 21. Nf3 Qd5 22. Nd2 Qxb3 23. Nxb3 Nc4 24. Ba3 Nd5 25. e4 Nxa3 26. Rxa3 Nb4 27. Rc1 a6 28. Rc4 Nd3 29. Rc3 Ne1 30. Nc5 Nxg2 31. Kxg2 Bg6 32. Kf3 e5 33. d5 f5 34. exf5 Bxf5 35. Nxb7 Bxh3 36. d6 Rf8+ 37. Ke2 Rab8 38. Rc7 Bc8 39. d7 Bxb7 40. Rb3 Rfd8 41. Rbxb7 Rxb7 42. Rxb7 Kf7 43. Ra7 Ke7 44. Rxa6 Rxd7 45. Ke3 Rd6 46. Ra7+ Kf6 47. f4 exf4+ 48. Kxf4 Rd4+ 49. Ke3 Rb4 50. Kf3 h5 51. Ra5 g6 52. Ra6+ Kg5 53. Ra5+ Kh6 54. Rc5 Rb3+ 55. Kg2 Rb2+ 56. Kf3 Rb4 57. Ra5 Rg4 58. Ra6 Rg5 59. Rb6 Rf5+ 60. Kg2 Kg5 61. Ra6 Rb5 62. Kf3 Kf5 63. g4+ hxg4+ 64. Kg3 Rb3+ 65. Kg2 Kg5 66. Ra8 g3 67. Ra5+ Kh4 68. Ra4+ Kh5 69. Ra5+ g5 70. Ra4 Re3 71. Rb4 g4 72. Rb8 1/2-1/2

[Event "Satu Mare Szabo Memorial"]
[Site "Satu Mare"]
[Date "2019.08.05"]
[Round "5"]
[White "Balla, Tamas Kristof"]
[Black "Scurtu, Alexandr"]
[Result "1-0"]
[WhiteElo "2336"]
[BlackElo "1828"]
[PlyCount "105"]
[EventDate "2019.08.02"]
[EventType "swiss"]
[EventRounds "9"]
[EventCountry "ROU"]
[SourceTitle "CBM 191 Extra"]
[Source "ChessBase"]
[SourceDate "2019.09.30"]
[SourceVersion "1"]
[SourceVersionDate "2019.09.30"]
[SourceQuality "1"]

1. e4 e5 2. Nf3 Nc6 3. d4 exd4 4. Nxd4 Nf6 5. Nc3 Bb4 6. Nxc6 bxc6 7. Bd3 0-0 8. 0-0 d5 9. exd5 cxd5 10. h3 c6 11. Qf3 Be6 12. Bf4 Bd6 13. Ne2 c5 14. Bg5 c4 15. Bf5 Qd7 16. Nd4 Be5 17. Bxf6 Bxf6 18. Bxe6 fxe6 19. Qg4 Bxd4 20. Qxd4 Rf6 21. Rfe1 Raf8 22. Re2 Qf7 23. Rae1 Rg6 24. Kh2 Rf6 25. f3 Qc7+ 26. Qe5 Qxe5+ 27. Rxe5 Kf7 28. R1e3 Rb8 29. b3 cxb3 30. axb3 Rc8 31. c3 Rc6 32. g4 Rb6 33. c4 dxc4 34. bxc4 Rf4 35. Rc5 Kg6 36. Kg3 Rf7 37. Rc8 Re7 38. c5 Rbb7 39. c6 Rbc7 40. Rxe6+ Rxe6 41. Rxc7 a5 42. h4 h6 43. h5+ Kf6 44. Rc8 Kf7 45. Rc7+ Kf6 46. f4 Re1 47. Rc8 Rc1 48. c7 Kf7 49. g5 Ke6 50. Re8+ Kd7 51. Rg8 Kxc7 52. Rxg7+ Kd8 53. gxh6 1-0

[Event "Satu Mare Szabo Memorial"]
[Site "Satu Mare"]
[Date "2019.08.04"]
[Round "3"]
[White "Rusan, Paul Cristian"]
[Black "Scurtu, Alexandr"]
[Result "0-1"]
[WhiteElo "2093"]
[BlackElo "1828"]
[PlyCount "114"]
[EventDate "2019.08.02"]
[EventType "swiss"]
[EventRounds "9"]
[EventCountry "ROU"]
[SourceTitle "CBM 191 Extra"]
[Source "ChessBase"]
[SourceDate "2019.09.30"]
[SourceVersion "1"]
[SourceVersionDate "2019.09.30"]
[SourceQuality "1"]

1. g3 d5 2. Bg2 e5 3. d3 Be6 4. Nd2 c6 5. Ngf3 Nd7 6. e4 h6 7. 0-0 Ngf6 8. Re1 Qc7 9. Qe2 Bd6 10. b3 dxe4 11. Nxe4 Nxe4 12. dxe4 0-0 13. Bb2 a5 14. a3 a4 15. Nd2 axb3 16. cxb3 Nc5 17. Qe3 Qb6 18. Rec1 Rfd8 19. Bf1 Bxb3 20. Bc4 Ba4 21. Rab1 Qc7 22. Ba2 Bb5 23. Rxc5 Bxc5 24. Qxc5 Rxd2 25. Bxe5 Qd7 26. Bb3 Ba4 27. Bc4 Rd1+ 28. Rxd1 Qxd1+ 29. Kg2 Bb3 30. Bf1 Qc2 31. Qe3 Rd8 32. Bc3 b5 33. e5 Bd5+ 34. Kh3 Qf5+ 35. g4 Qf3+ 36. Qxf3 Bxf3 37. Kg3 Rd1 38. Kxf3 Rxf1 39. Bb4 Rd1 40. Ke4 Rd5 41. h4 f6 42. exf6 gxf6 43. f4 Kf7 44. h5 Ke8 45. Bc3 Kf7 46. Bb4 Rd8 47. Bc5 Rd1 48. Bd4 Rd2 49. Be3 Rg2 50. Kf5 Rg3 51. Bd4 Rxa3 52. Bxf6 b4 53. Be5 Rh3 54. Ke4 b3 55. f5 Rh2 56. Bxh2 b2 57. Bf4 b1Q+ 0-1